Labour Market Policy

Salvato in:
Dettagli Bibliografici
Autore principale: Adnett, Nick
Natura: Libro
Lingua:inglese
Pubblicazione: London Longman 1989
Edizione:1. ed.
Tags: Aggiungi Tag
Nessun Tag, puoi essere il primo ad aggiungerne!!

MARC

LEADER 00000nam a2200000 4500
001 c036315
005 20221215114046.8
041 0 |a eng 
044 |a GB 
245 1 0 |a Labour Market Policy  |c Nick Adnett 
250 |a 1. ed. 
264 1 |a London  |b Longman  |c 1989 
300 |a 279 s. 
100 1 |a Adnett, Nick